Serie A players 2019/20 - Statistics

General Stats
  • This quiz has been taken 5 times
  • The average score is 238 of 572
Answer Stats
Rank Player Positions Nationality Matches Goals Assists Clubs % Correct
157 Adrien Rabiot MF 28 1 1
100%
88 Aleksandar Kolarov DF 32 7 3
100%
32 Alessio Romagnoli DF 35 1 0
100%
255 Alexis Sánchez MF, FW 22 4 8
100%
109 Alfredo Donnarumma FW 31 7 2
100%
13 Amir Rrahmani DF 36 0 1
100%
14 Andrea Belotti FW 36 16 3
100%
243 Andrea Conti DF, MF 23 0 2
100%
15 Andrea Petagna FW 36 12 1
100%
112 Bartłomiej Drągowski GK 31 0 0
100%
49 Berat Djimsiti DF 34 2 1
100%
33 Blaise Matuidi MF 35 0 2
100%
185 Bryan Cristante DF, MF 26 1 3
100%
125 Chris Smalling DF 30 3 2
100%
320 Christian Eriksen MF, FW 17 1 2
100%
4 Ciro Immobile FW 37 36 9
100%
66 Cristiano Ronaldo MF, FW 33 31 5
100%
285 Cristián Zapata DF 20 1 0
100%
1 Darko Lazović DF, MF, FW 38 3 7
100%
210 Davide Calabria DF 25 1 1
100%
114 Domenico Berardi MF, FW 31 14 10
100%
115 Dries Mertens MF, FW 31 9 7
100%
161 Duván Zapata FW 28 18 6
100%
18 Emil Audero GK 36 0 0
100%
441 Emre Can DF, MF 8 0 0
100%
144 Federico Bernardeschi DF, MF, FW 29 1 1
100%
358 Felipe dal Belo DF 15 0 0
100%
20 Francesco Acerbi DF 36 2 2
100%
35 Franck Kessié DF, MF 35 4 1
100%
146 Giacomo Bonaventura MF, FW 29 3 5
100%
427 Gianluigi Buffon GK 9 0 0
100%
22 Gianluigi Donnarumma GK 36 0 0
100%
53 Goran Pandev MF, FW 34 9 1
100%
36 Hakan Çalhanoğlu MF, FW 35 9 9
100%
117 Hamed Junior Traorè MF, FW 31 4 1
100%
94 Hans Hateboer DF, MF 32 0 4
100%
118 Ismaël Bennacer MF 31 1 0
100%
134 Joaquín Correa MF, FW 30 9 2
100%
388 Jordan Lukaku DF, MF 13 0 2
100%
72 Jordan Veretout MF 33 6 0
100%
195 Josip Iličić MF, FW 26 15 5
100%
2 Juan Musso GK 38 0 0
100%
38 Leonardo Bonucci DF 35 3 0
100%
232 Leonardo Spinazzola DF, MF 24 1 2
100%
7 Lorenzo Insigne MF, FW 37 8 6
100%
26 Luis Alberto MF, FW 36 6 15
100%
56 Luis Muriel MF, FW 34 18 1
100%
8 Łukasz Skorupski GK 37 0 0
100%
100 Marcelo Brozović MF 32 3 6
100%
461 Marco Sportiello GK 6 0 0
100%
235 Mário Rui DF, MF 24 0 2
100%
136 Marko Rog MF, FW 30 1 1
100%
41 Marten de Roon DF, MF 35 2 5
100%
137 Miralem Pjanić MF 30 3 6
100%
9 Nikola Milenković DF 37 5 0
100%
27 Papu Gómez MF, FW 36 7 16
100%
80 Paulo Dybala MF, FW 33 11 6
100%
122 Rafael Leão MF, FW 31 6 1
100%
123 Ragnar Klavan DF 31 0 0
100%
124 Remo Freuler MF 31 2 2
100%
11 Riccardo Orsolini MF, FW 37 8 6
100%
59 Robin Gosens DF, MF, FW 34 9 7
100%
28 Romelu Lukaku FW 36 23 2
100%
61 Ruslan Malinovskyi MF, FW 34 8 3
100%
46 Samir Handanović GK 35 0 0
100%
269 Samu Castillejo MF, FW 22 2 3
100%
12 Sergej Milinković-Savić MF 37 7 4
100%
380 Stanislav Lobotka MF 14 0 0
100%
64 Stefan de Vrij DF 34 4 3
100%
155 Takehiro Tomiyasu DF 29 1 3
100%
86 Theo Hernández DF 33 6 3
100%
3 Thomas Strakosha GK 38 0 0
100%
156 Wojciech Szczęsny GK 29 0 0
100%
354 Adam Marušić DF 15 2 1
80%
446 Adrien Tameze DF, MF 7 0 0
80%
87 Albin Ekdal MF 32 0 2
80%
207 Alessandro Bastoni DF 25 2 0
80%
437 Alessandro Matri FW 8 0 0
80%
142 Alex Sandro DF, MF 29 1 3
80%
179 Andreas Cornelius FW 26 12 3
80%
181 Ante Rebić MF, FW 26 11 3
80%
183 Arkadiusz Milik FW 26 11 0
80%
48 Artur Ioniță MF 34 0 2
80%
307 Ashley Young DF, FW 18 4 4
80%
298 Borja Valero MF 19 2 0
80%
65 Bruno Alves DF 33 0 0
80%
494 Daniele Padelli GK 3 0 0
80%
416 Daniele Rugani DF 10 0 0
80%
259 Danilo DF, MF 22 2 0
80%
272 Danilo Cataldi MF 21 1 0
80%
16 Davide Faraoni DF, MF 36 5 3
80%
17 Dejan Kulusevski MF, FW 36 10 8
80%
244 Diego Godín DF 23 1 1
80%
128 Dušan Vlahović FW 30 6 0
80%
471 Ebrima Colley MF, FW 5 0 1
80%
34 Edin Džeko FW 35 16 7
80%
162 Fabio Quagliarella FW 28 11 3
80%
50 Federico Chiesa DF, MF, FW 34 10 6
80%
130 Felipe Caicedo MF, FW 30 9 2
80%
116 Gervinho MF, FW 31 7 4
80%
92 Gianluca Mancini DF, MF 32 1 0
80%
481 Giorgio Chiellini DF 4 1 0
80%
70 Giovanni Di Lorenzo DF, FW 33 3 3
80%
6 Giovanni Simeone FW 37 12 3
80%
169 Gleison Bremer DF 27 3 1
80%
93 Gonzalo Higuaín MF, FW 32 8 4
80%
324 Grégoire Defrel MF, FW 17 3 3
80%
262 Henrikh Mkhitaryan MF, FW 22 9 5
80%
325 Ionuț Radu GK 17 0 1
80%
345 Jacopo Sala DF, MF, FW 16 0 0
80%
23 Jasmin Kurtić MF, FW 36 4 1
80%
54 Jeremie Boga MF, FW 34 11 2
80%
148 Jesse Joronen GK 29 0 0
80%
24 João Pedro MF, FW 36 18 4
80%
73 José Callejón MF, FW 33 4 7
80%
135 José Luis Palomino DF 30 2 1
80%
74 Juan Cuadrado DF, MF, FW 33 2 5
80%
483 Juan Jesus DF 4 0 0
80%
196 Juraj Kucka MF, FW 26 6 3
80%
97 Koray Günter DF 32 0 0
80%
314 Krzysztof Piątek FW 18 4 0
80%
37 Lautaro Martínez MF, FW 35 14 3
80%
170 Lorenzo Pellegrini MF 27 1 9
80%
233 Luca Pellegrini DF, MF 24 0 5
80%
375 Lucas Biglia MF 14 0 1
80%
99 Manuel Lazzari DF 32 0 3
80%
302 Mario Balotelli FW 19 5 0
80%
40 Mario Pašalić MF, FW 35 9 5
80%
316 Mateo Musacchio DF 18 0 0
80%
431 Mattia De Sciglio DF, MF 9 0 0
80%
58 Miguel Veloso MF 34 3 4
80%
101 Milan Škriniar DF, MF 32 0 0
80%
219 Musa Barrow MF, FW 25 9 4
80%
174 Nicolò Barella MF 27 1 4
80%
121 Omar Colley DF 31 0 1
80%
103 Pau López GK 32 0 0
80%
454 Pietro Terracciano GK 7 0 0
80%
10 Piotr Zieliński MF 37 2 4
80%
204 Radja Nainggolan MF 26 6 7
80%
82 Rafael Tolói DF 33 2 6
80%
475 Ricardo Rodríguez DF, MF 5 0 0
80%
138 Rodrigo Bentancur MF 30 0 7
80%
60 Rodrigo De Paul MF, FW 34 7 6
80%
205 Rolando Mandragora MF 26 0 2
80%
402 Sami Khedira MF 12 0 1
80%
295 Simon Kjær DF 20 0 0
80%
154 Ștefan Radu DF 29 1 0
80%
353 Suso MF, FW 16 1 2
80%
318 Zlatan Ibrahimović FW 18 10 5
80%
223 Aaron Ramsey MF 24 3 1
60%
254 Alex Meret GK 22 0 0
60%
398 Andrea Bertolacci MF 12 0 0
60%
110 Andrea Consigli GK 31 0 0
60%
406 Andrea Papetti DF 11 1 0
60%
89 Andrea Pinamonti FW 32 5 1
60%
158 Andrea Poli MF 28 2 0
60%
531 André Silva FW 1 0 0
60%
469 Antonio Mirante GK 5 0 0
60%
225 Antonio Sanabria MF, FW 24 6 2
60%
160 Bartosz Bereszyński DF 28 0 0
60%
184 Bram Nuytinck DF 26 0 0
60%
370 Carles Pérez MF, FW 14 1 3
60%
535 Carlo Pinsoglio GK 1 0 0
60%
308 Cengiz Ünder MF, FW 18 3 0
60%
186 Cristiano Biraghi DF, MF 26 2 6
60%
273 Diego Perotti MF, FW 21 5 3
60%
211 Dimitri Bisoli MF 25 1 1
60%
187 Domenico Criscito DF, MF 26 8 0
60%
245 Douglas Costa MF, FW 23 1 4
60%
188 Elif Elmas MF, FW 26 1 1
60%
287 Elseid Hysaj DF 20 1 2
60%
343 Federico Dimarco DF, MF 16 0 3
60%
131 Filippo Falco MF, FW 30 4 6
60%
21 Francesco Caputo FW 36 21 7
60%
261 Francesco Magnanelli MF 22 0 0
60%
546 Francesco Rossi GK 1 0 0
60%
52 Gabriel GK 34 0 0
60%
247 Gary Medel DF, MF 23 0 0
60%
190 Gastón Ramírez MF, FW 26 7 2
60%
411 Giacomo Raspadori MF, FW 11 2 0
60%
213 Gianluca Lapadula FW 25 11 0
60%
192 Hirving Lozano MF, FW 26 4 1
60%
372 Iago Falque MF, FW 14 2 1
60%
163 Ilija Nestorovski MF, FW 28 3 1
60%
133 Jakub Jankto MF, FW 30 2 4
60%
147 Jeremy Toljan DF, MF 29 1 2
60%
214 Kalidou Koulibaly DF 25 0 0
60%
25 Kevin Lasagna MF, FW 36 10 1
60%
327 Koffi Djidji DF 17 0 0
60%
197 Kostas Manolas DF 26 4 0
60%
443 Kwadwo Asamoah DF, MF 8 0 1
60%
98 Lasse Schöne MF 32 2 3
60%
520 Leonardo Pavoletti FW 2 0 0
60%
149 Lorenzo De Silvestri DF, MF 29 0 0
60%
265 Lucas Castro MF 22 2 0
60%
55 Luigi Sepe GK 34 0 0
60%
76 Manuel Locatelli MF 33 0 5
60%
217 Marash Kumbulla DF 25 1 0
60%
39 Marco Silvestri GK 35 0 0
60%
292 Matías Vecino MF, FW 20 2 2
60%
78 Matteo Darmian DF, MF 33 1 1
60%
42 Matteo Pessina MF, FW 35 7 0
60%
202 Matteo Politano MF, FW 26 2 2
60%
151 Matthijs de Ligt DF 29 4 0
60%
278 Mattia Perin GK 21 0 0
60%
173 Mattia Valoti MF, FW 27 3 1
60%
237 Morten Thorsby MF 24 1 1
60%
43 Nahitan Nández DF, MF 35 2 3
60%
351 Nicolás Domínguez MF, FW 16 0 1
60%
120 Nicolas Nkoulou DF 31 1 0
60%
268 Nikola Maksimović DF 22 1 1
60%
102 Ola Aina DF 32 0 2
60%
280 Patric DF 21 0 0
60%
487 Pedro FW 4 0 0
60%
222 Pedro Obiang MF 25 1 1
60%
81 Pierluigi Gollini GK 33 0 0
60%
364 Rade Krunić MF, FW 15 0 1
60%
464 Rafael GK 6 0 0
60%
330 Riccardo Saponara MF, FW 17 2 4
60%
238 Roberto Gagliardini DF, MF 24 4 2
60%
153 Rodrigo Becão DF 29 1 1
60%
45 Rodrigo Palacio MF, FW 35 7 3
60%
29 Salvatore Sirigu GK 36 0 0
60%
47 Sandro Tonali MF 35 1 7
60%
105 Seko Fofana MF 32 3 7
60%
239 Sergio Floccari FW 24 1 0
60%
62 Simone Missiroli MF 34 1 0
60%
83 Simone Verdi MF, FW 33 2 6
60%
85 Stefano Okaka FW 33 8 2
60%
31 Stefano Sabelli DF 36 0 3
60%
176 Timothy Castagne DF 27 1 2
60%
106 Tomás Rincón MF 32 1 3
60%
404 Victor Moses DF, MF, FW 12 0 3
60%
296 Walace MF 20 0 0
60%
140 William Troost-Ekong DF, MF 30 0 0
60%
530 Wladimiro Falcone GK 2 0 0
60%
396 Alessandro Semprini DF 12 1 0
40%
397 Alex Ferrari DF 12 0 0
40%
383 Alexis Saelemaekers DF, MF, FW 13 1 0
40%
178 Alfred Duncan MF 26 2 6
40%
256 Amadou Diawara MF 22 1 1
40%
224 Antonín Barák MF, FW 24 2 1
40%
90 Antonio Candreva DF, MF, FW 32 5 7
40%
209 Arkadiusz Reca DF 25 0 2
40%
511 Asmir Begović GK 2 0 0
40%
450 Bartosz Salamon DF, MF 7 0 0
40%
284 Charalambos Lykogiannis DF, FW 20 0 1
40%
537 Christian Dalle Mura FW 1 0 0
40%
126 Cristian Romero DF 30 1 1
40%
439 Daniele Gastaldello DF 8 0 0
40%
258 Danilo D'Ambrosio DF 22 4 0
40%
425 Davide Zappacosta DF, MF 9 0 1
40%
321 David Ospina GK 17 0 0
40%
513 Demba Thiam GK 2 0 0
40%
409 Denis Vavro DF 11 0 0
40%
541 Dion Ruffo Luci MF 1 0 0
40%
5 Erick Pulgar DF, MF 37 7 6
40%
189 Etrit Berisha GK 26 0 0
40%
341 Fabio Borini DF, MF, FW 16 3 0
40%
143 Fabio Depaoli DF, MF 29 0 1
40%
19 Fabio Lucioni DF 36 3 0
40%
426 Faouzi Ghoulam DF 9 0 1
40%
51 Francesco Vicari DF 34 0 0
40%
274 Franck Ribéry MF, FW 21 3 3
40%
91 Gabriel Strefezza DF, MF, FW 32 1 2
40%
418 Gastón Pereiro MF, FW 10 1 0
40%
69 Germán Pezzella DF 33 3 1
40%
420 Giangiacomo Magnani DF 10 1 0
40%
249 Gian Marco Ferrari DF 23 0 1
40%
191 Giorgos Kyriakopoulos DF, FW 26 0 1
40%
250 Giuseppe Pezzella DF, MF, FW 23 0 0
40%
95 Hernani MF, FW 32 0 4
40%
193 Igor DF 26 0 1
40%
71 Jens Stryger Larsen DF 33 1 3
40%
194 Jhon Chancellor DF 26 3 0
40%
164 Karol Linetty MF 28 4 3
40%
346 Kastriot Dermaku DF 16 0 0
40%
389 Kevin Agudelo MF, FW 13 1 1
40%
374 Ladislav Krejčí DF, MF, FW 14 1 0
40%
264 Luca Cigarini MF 22 0 4
40%
502 Luca Ranieri DF 3 0 0
40%
216 Lucas Leiva MF 25 0 1
40%
413 Lukáš Haraslín MF, FW 11 1 0
40%
75 Manolo Gabbiadini MF, FW 33 11 1
40%
77 Marco Mancosu MF, FW 33 14 2
40%
171 Martín Cáceres DF 27 1 0
40%
430 Matteo Gabbia DF 9 0 0
40%
57 Mattia Zaccagni MF, FW 34 2 5
40%
378 Maya Yoshida DF 14 0 1
40%
463 Merih Demiral DF 6 1 1
40%
236 Mert Müldür DF 24 2 1
40%
266 Milan Badelj MF 22 1 0
40%
267 Mirko Valdifiori MF 22 0 3
40%
445 Mohamed Fares DF, MF, FW 8 0 0
40%
527 Nicolò Rovella MF 2 0 0
40%
362 Nikola Kalinić FW 15 5 1
40%
303 Patrick Cutrone FW 19 4 1
40%
564 Pepe Reina GK 1 0 0
40%
44 Pol Lirola DF, MF, FW 35 0 2
40%
565 Raoul Bellanova DF, FW 1 0 0
40%
567 Riccardo Calafiori DF 1 0 0
40%
152 Roberto Soriano MF 29 5 5
40%
432 Roger Ibanez DF 9 0 0
40%
365 Rogério DF, MF 15 1 1
40%
270 Samuel Di Carmine MF, FW 22 8 0
40%
455 Sebastiano Esposito FW 7 1 0
40%
294 Senad Lulić DF, MF, FW 20 0 2
40%
489 Simone Muratore MF 4 0 0
40%
63 Sofyan Amrabat DF, MF 34 1 1
40%
84 Soualiho Meïté MF 33 0 2
40%
403 Stefano Sensi MF, FW 12 3 2
40%
434 Valentin Eysseric MF, FW 9 0 0
40%
465 Valentino Lazaro DF, MF, FW 6 0 1
40%
107 Valerio Verre MF, FW 32 3 2
40%
334 Valon Behrami DF, MF 17 0 0
40%
508 Valon Berisha MF, FW 3 0 0
40%
490 Wilfried Singo DF 4 1 0
40%
436 Adama Soumaoro DF 8 1 0
20%
335 Alberto Grassi DF, MF 16 1 1
20%
319 Alberto Paloschi FW 17 0 0
20%
108 Aleš Matějů DF 31 0 1
20%
405 Alessandro Deiola MF 11 1 1
20%
242 Allan DF, MF 23 2 1
20%
491 Amad Diallo MF, FW 3 1 0
20%
424 Amin Younes MF, FW 9 1 0
20%
456 Anderson Lima DF, MF 6 0 0
20%
271 Andrea Cistana DF 21 1 0
20%
283 Andrea Favilli DF, FW 20 0 0
20%
257 Andrea Masiello DF 22 0 1
20%
448 Andrea Ranocchia DF 7 0 0
20%
159 Andrea Rispoli DF, MF 28 0 0
20%
306 Antonio Barreca DF, MF, FW 18 0 1
20%
534 Antonio Rosati GK 1 0 0
20%
111 Armando Izzo DF 31 1 0
20%
337 Bastos DF 16 1 0
20%
368 Biagio Meccariello DF 14 1 0
20%
385 Birkir Bjarnason MF, FW 13 0 1
20%
369 Blerim Džemaili MF 14 1 1
20%
493 Boris Radunović GK 3 0 0
20%
226 Bruno Martella DF, MF 24 0 0
20%
338 Bruno Peres DF, MF 16 2 2
20%
309 Christian Kouamé FW 18 6 3
20%
168 Cristian Ansaldi DF, MF, FW 27 4 4
20%
340 Daniele Baselli MF 16 0 2
20%
386 Daniele Ragatzu MF, FW 13 1 0
20%
538 Daniel Fuzato GK 1 0 0
20%
228 Davide Biraschi DF 24 0 1
20%
356 Diego Demme DF, MF 15 1 0
20%
286 Diego Laxalt DF, MF 20 0 1
20%
457 Djavan Anderson DF, MF, FW 6 0 0
20%
387 Edoardo Goldaniga DF 13 1 0
20%
440 Emiliano Rigoni MF, FW 8 0 1
20%
479 Enrico Alfonso GK 4 0 0
20%
212 Ernesto Torregrossa FW 25 7 3
20%
299 Federico Bonazzoli MF, FW 19 6 0
20%
357 Federico Ceccherini DF 15 0 0
20%
344 Federico Fazio DF 16 1 0
20%
229 Federico Santander DF, FW 24 1 0
20%
145 Filip Đuričić MF, FW 29 5 5
20%
313 Filippo Romagna DF 18 0 0
20%
68 Gaetano Castrovilli MF 33 3 2
20%
458 Gennaro Tutino MF, FW 6 0 0
20%
359 Giampaolo Pazzini FW 15 4 0
20%
132 Gianluca Caprari MF, FW 30 5 0
20%
548 Gianluca Frabotta DF, MF 1 0 0
20%
472 Gianluca Pegolo GK 5 0 0
20%
291 Ibrahima Mbaye DF, MF 20 0 3
20%
300 Ivan Radovanović DF, MF 19 0 1
20%
412 Javier Pastore MF, FW 11 0 1
20%
263 Justin Kluivert MF, FW 22 4 1
20%
215 Khouma Babacar FW 25 3 0
20%
459 Léo Duarte DF 6 0 0
20%
486 Liam Henderson MF 4 0 0
20%
553 Lorenzo Colombo FW 1 0 0
20%
347 Lorenzo Venuti DF, MF 16 0 1
20%
401 Luca Siligardi MF, FW 12 0 1
20%
234 Lucas Paquetá MF, FW 24 0 1
20%
503 Lucien Agoume MF 3 0 0
20%
199 Luiz Felipe DF 26 1 1
20%
276 Lukas Lerager MF 21 1 1
20%
315 Marco Benassi MF, FW 18 1 1
20%
559 Marco Brescianini MF 1 0 0
20%
150 Marco Parolo MF 29 1 0
20%
390 Marvin Zeegelaar DF, FW 13 0 1
20%
201 Mato Jajalo MF 26 0 0
20%
172 Mattia Bani DF 27 4 0
20%
377 Mattia Caldara DF 14 0 1
20%
392 Mattia Destro MF, FW 13 0 0
20%
562 Maximiliano Olivera DF 1 0 0
20%
361 Mehdi Léris DF, MF, FW 15 1 1
20%
525 Michel Ndary Adopo DF, MF 2 0 0
20%
393 Mitchell Dijks DF 13 0 0
20%
350 Nehuén Paz DF 16 0 1
20%
79 Nicola Sansone MF, FW 33 4 3
20%
203 Nicolò Zaniolo MF, FW 26 6 2
20%
166 Panagiotis Tachtsidis MF 28 0 2
20%
566 Raúl Moro FW 1 0 0
20%
104 Riccardo Gagliolo DF 32 3 2
20%
331 Roberto Inglese FW 17 4 0
20%
568 Roberto Piccoli FW 1 0 0
20%
253 Rômulo DF, MF, FW 23 1 3
20%
476 Salvatore Bocchetti DF 5 0 0
20%
139 Saša Lukić MF 30 1 1
20%
433 Sebastiano Luperto DF 9 0 0
20%
379 Sebastian Walukiewicz DF 14 0 0
20%
282 Sebastien De Maio DF 21 0 0
20%
30 Simone Iacoponi DF 36 2 0
20%
240 Simone Zaza MF, FW 24 6 1
20%
528 Stefano Turati GK 2 0 0
20%
333 Tommaso Augello DF 17 0 2
20%
395 Valter Birsa MF, FW 13 0 0
20%
435 Vlad Chiricheș DF 9 0 0
20%
381 Yann Karamoh MF, FW 14 1 1
20%
382 Alan Empereur DF 13 0 0
0%
297 Alberto Cerri FW 19 2 0
0%
509 Aleksa Terzić DF 2 0 0
0%
367 Alessandro Florenzi DF, FW 14 0 1
0%
208 Alessandro Murgia MF 25 0 1
0%
510 Alessandro Tripaldelli DF 2 0 0
0%
336 Alessio Cragno GK 16 0 0
0%
141 Álex Berenguer DF, MF, FW 29 6 2
0%
447 Andrea Carboni DF 7 0 0
0%
532 Andrea Danzi DF, MF 1 0 0
0%
467 Andrea Ghezzi MF, FW 5 0 0
0%
492 Andrea Ghion MF, FW 3 0 0
0%
399 Andrea La Mantia MF, FW 12 2 0
0%
180 Andreas Skov Olsen DF, MF, FW 26 1 0
0%
384 Andrea Tabanelli MF 13 1 0
0%
449 Andri Fannar Baldursson MF 7 0 0
0%
533 Angelo da Costa Júnior GK 1 0 0
0%
182 Antonino Barillà DF, MF 26 1 2
0%
468 Antonino La Gumina MF, FW 5 0 0
0%
407 Bobby Adekanye MF, FW 11 1 0
0%
451 Bosko Sutalo DF 7 0 0
0%
438 Brayan Vera DF, FW 8 0 1
0%
339 Bryan Dabo DF, MF 16 1 4
0%
536 Christian Celesia DF 1 0 0
0%
408 Christian Oliva MF 11 1 1
0%
470 Claud Adjapong DF, MF, FW 5 0 0
0%
371 Cristian Dell'Orco DF 14 0 1
0%
113 Dalbert Henrique DF, MF 31 0 5
0%
227 Daniele Dessena MF 24 2 0
0%
512 Daniel Maldini MF, FW 2 0 0
0%
127 Danilo Larangeira DF 30 2 0
0%
539 Daouda Peeters MF 1 0 0
0%
540 Davide Riccardi DF 1 0 0
0%
355 Davide Santon DF 15 0 0
0%
478 Denilho Cleonise MF, FW 4 0 0
0%
310 Diego Farias MF, FW 18 2 0
0%
322 Eddie Salcedo MF, FW 17 1 0
0%
542 Edgaras Dubickas DF 1 0 0
0%
514 Édgar Barreto MF 2 0 0
0%
311 Emanuele Ndoj MF 18 0 0
0%
417 Emmanuel Agyemang-Badu MF 10 0 0
0%
495 Ervin Zukanović DF 3 0 0
0%
67 Fabián Ruiz Peña MF 33 3 6
0%
129 Fabio Pisacane DF 30 1 0
0%
342 Fabrizio Cacciatore DF 16 0 0
0%
543 Federico Bonini DF 1 0 0
0%
544 Federico Brancolini GK 1 0 0
0%
288 Federico Di Francesco DF, MF, FW 20 2 0
0%
515 Federico Marigosu MF 2 0 0
0%
312 Federico Mattiello DF, MF, FW 18 0 1
0%
246 Federico Peluso DF 23 0 2
0%
516 Felice D'Amico MF 2 0 0
0%
545 Felipe Curcio DF 1 0 0
0%
323 Fernando Llorente MF, FW 17 3 1
0%
410 Filip Jagiełło MF 11 0 2
0%
260 Florian Ayé MF, FW 22 0 0
0%
230 Francesco Cassata DF, MF, FW 24 2 0
0%
517 Gabriele Corbo DF 2 0 0
0%
480 Gabriele Moncini MF, FW 4 0 0
0%
248 Gastón Brugman MF, FW 23 0 2
0%
419 Georgi Tunjov MF 10 0 0
0%
496 Giacomo Manzari MF, FW 3 0 0
0%
547 Giacomo Vrioni FW 1 0 0
0%
497 Gianmarco Cangiano MF, FW 3 0 0
0%
498 Giannelli Imbula MF 3 0 0
0%
289 Giulio Donati DF, FW 20 1 0
0%
473 Gonzalo Maroni MF, FW 5 0 1
0%
428 Gonzalo Villar MF 9 0 0
0%
482 Guilherme Arana DF 4 0 0
0%
290 Hidde ter Avest DF, MF 20 0 0
0%
400 Ignacio Pussetto MF, FW 12 1 0
0%
549 Ilario Monterisi DF 1 0 0
0%
550 Jacopo Da Riva MF 1 0 0
0%
119 Jacopo Petriccione MF 31 0 5
0%
518 Jakub Iskra DF 2 0 0
0%
275 Jaromír Zmrhal MF 21 2 0
0%
519 Jaume Cuéllar MF, FW 2 0 0
0%
499 Jawad El Yamiq DF 3 0 0
0%
421 Jeison Murillo DF 10 0 0
0%
301 Jerdy Schouten DF, MF 19 0 0
0%
231 Jony DF, FW 24 0 1
0%
442 Julian Chabot DF 8 1 0
0%
422 Karlo Letica GK 10 0 0
0%
96 Ken Sema DF, MF, FW 32 2 1
0%
326 Kevin Bonifazi DF 17 2 0
0%
484 Kévin Malcuit DF, MF 4 0 0
0%
373 Kevin-Prince Boateng MF, FW 14 1 0
0%
551 Kingsley Michael MF 1 0 0
0%
485 Kristoffer Askildsen MF 4 1 0
0%
500 Krisztofer Horváth DF, FW 3 0 0
0%
552 Lennart-Marten Czyborra DF, MF 1 0 0
0%
501 Leonardo Morosini DF, MF, FW 3 0 0
0%
460 Lorenzo Andrenacci GK 6 0 0
0%
554 Lorenzo Pirola DF 1 0 0
0%
429 Lorenzo Tonelli DF 9 0 0
0%
348 Luca Ceppitelli DF 16 2 0
0%
555 Luca Falbo DF 1 0 0
0%
521 Luca Gagliano DF, FW 2 1 1
0%
556 Luca Mazzitelli DF, MF 1 0 0
0%
198 Luca Rossettini DF 26 0 2
0%
523 Lucas Felippe DF, MF 2 0 0
0%
557 Luca Tremolada MF 1 0 0
0%
522 Luca Zanimacchia MF, FW 2 0 0
0%
524 Luigi Vitale DF, FW 2 0 0
0%
376 Łukasz Teodorczyk FW 14 0 1
0%
328 Lyanco DF 17 0 0
0%
558 Marco Ballarini MF 1 0 0
0%
200 Marco Calderoni DF 26 3 2
0%
360 Marco D'Alessandro DF, MF, FW 15 2 0
0%
504 Marco Olivieri FW 3 0 0
0%
277 Mariusz Stępiński MF, FW 21 3 1
0%
462 Marko Janković DF, MF, FW 6 0 0
0%
414 Marko Pajač DF, FW 11 0 0
0%
251 Marlon DF 23 0 0
0%
560 Martin Palumbo MF, FW 1 0 0
0%
391 Massimiliano Mangraviti DF 13 0 0
0%
561 Matteo Lovato DF 1 0 0
0%
349 Matteo Scozzarella MF 16 0 3
0%
293 Mattia Sprocati MF, FW 20 1 0
0%
218 Mattias Svanberg MF, FW 25 1 2
0%
444 Mattia Viviani MF 8 0 0
0%
474 Mauro Vigorito GK 5 0 0
0%
329 Mehdi Bourabia MF 17 1 2
0%
526 Mirko Antonucci MF, FW 2 0 0
0%
452 Musa Juwara DF, MF, FW 7 1 0
0%
252 Nenad Tomović DF 23 0 1
0%
453 Nicholas Opoku DF 7 0 0
0%
165 Nicola Murru DF 28 0 0
0%
563 Nicolò Armini DF 1 0 0
0%
220 Nikolas Špalek MF, FW 25 2 1
0%
279 Paolo Faragò DF, MF 21 1 1
0%
221 Paolo Ghiglione DF, MF, FW 25 0 5
0%
363 Paweł Dawidowicz DF 15 1 0
0%
304 Peter Ankersen DF 19 0 1
0%
305 Rachid Ghezzal MF, FW 19 1 0
0%
505 Riccardo Ladinetti MF 3 0 0
0%
317 Riccardo Sottil DF, MF, FW 18 0 0
0%
332 Robin Olsen GK 17 0 0
0%
506 Romario Benzar DF 3 0 0
0%
175 Ronaldo Vieira MF 27 0 1
0%
281 Samir Santos DF 21 1 0
0%
569 Samir Ujkani GK 1 0 0
0%
570 Sebastián Cristóforo MF 1 0 0
0%
488 Simone Colombi GK 4 0 0
0%
394 Simone Edera MF, FW 13 1 1
0%
571 Simone Pinna DF 1 0 0
0%
423 Simon Skrabb MF, FW 10 0 0
0%
507 Sinan Gümüş MF, FW 3 0 0
0%
206 Stefano Denswil DF 26 0 1
0%
572 Stefano Piccinini DF 1 0 0
0%
352 Stefano Sturaro MF 16 1 2
0%
529 Szymon Żurkowski MF 2 0 0
0%
167 Thiago Cionek DF 28 0 1
0%
477 Vasco Regini DF 5 0 0
0%
366 Vincent Laurini DF 15 0 2
0%
415 Vincenzo Millico MF, FW 11 0 0
0%
241 Yevhen Shakhov MF, FW 24 1 2
0%
466 Yıldırım Mert Çetin DF, MF 6 0 0
0%
177 Žan Majer MF 27 1 1
0%
No matching quizzes found
Score Distribution
Percent of People with Each Score
Percentile by Number Answered
Your Score History
You have not taken this quiz